Statistieken voor Raad de speler - Mijn fifa team

Klik hier om de quiz te nemen!

Algemene statistieken

  • Deze quiz is 491 keer genomen
  • De gemiddelde score is 6 van 16

Antwoordstatistieken

Antwoord% Correct
de Gea
97%
Kane
58%
Elanga
52%
Alexander-Arnold
46%
Sangare
45%
Chiellini
40%
Scholes
40%
Moura
38%
Gabriel
37%
Kokcu
36%
Sinisterra
30%
Mauro Junior
25%
Senesi
24%
Konate
15%
Calligiuri
9%
Livaja
1%

Scoreverdeling

Percentiel versus Aantal Correcte Antwoorden

Procent van Mensen met Elke Score

Uw Scoregeschiedenis

U heeft deze quiz nog niet genomen